000
00214 a2200097 4500
001
1199
100
_a
Caro, D
245
_a
Electrical measureements and calculation
260
_a
_b
Macdonald
_c
090
_c
761
_d
761
942
_a
NUST-CAE
_c
M
_c
34278
999
_c
236272
_d
236272